War Thunder - USSR Ground Vehicles - Statistics

General Stats
  • This quiz has been taken 386 times
  • The average score is 62 of 162
Answer Stats
Rank Type Answer % Correct
I (Premium) Medium Tank T-III
93%
IV (Premium) Medium Tank T-V
88%
II Medium Tank T-34 (1940)
87%
II Medium Tank T-34 (1941)
87%
II Medium Tank T-34 (1942)
87%
II (Premium) Medium Tank T-34 (1st Gv.T.Br.)
87%
II (Premium) Medium Tank T-34 (Prototype)
87%
II Light Tank T-80
82%
I Light Tank BT-7
76%
I (Premium) Light Tank BT-7 TD
76%
III Heavy Tank IS-1
76%
IV Heavy Tank IS-2
76%
IV Heavy Tank IS-2 (1944)
76%
IV Heavy Tank IS-2 No.321
76%
IV (Premium) Heavy Tank IS-2 "Revenge"
76%
II Heavy Tank KV-1 (L-11)
75%
III Heavy Tank KV-1 (ZiS-5)
75%
I Light Tank BT-5
74%
V Heavy Tank IS-3
74%
II Heavy Tank KV-2 (1939)
74%
III (Premium) Heavy Tank KV-2 (1940)
74%
III (Premium) Heavy Tank KV-2 (ZiS-6)
74%
I Light Tank T-26
67%
I (Premium) Light Tank T-26 (1st Gv.T.Br.)
67%
I Medium Tank T-28
67%
I Medium Tank T-28 (1938)
67%
IV Medium Tank T-44
64%
V (Premium) Heavy Tank IS-6
63%
VI (Premium) Heavy Tank IS-7
63%
IV Medium Tank T-34-85
60%
III Medium Tank T-34-85 (D-5T)
60%
V Medium Tank T-54 (1947)
58%
V Medium Tank T-54 (1949)
58%
V Medium Tank T-54 (1951)
58%
IV Tank Destroyer SU-100
54%
II Tank Destroyer SU-122
54%
I Light Tank T-60
54%
VIII Medium Tank T-90M
53%
III Tank Destroyer SU-152
52%
III Tank Destroyer ISU-152
51%
II Light Tank T-50
51%
I Light Tank T-70
51%
VII Medium Tank T-80B
51%
III Tank Destroyer SU-85
50%
I Tank Destroyer SU-5-1
49%
VII Medium Tank T-80U
49%
VII (Premium) Medium Tank T-80U (YouTube Cup)
49%
VI Medium Tank T-62
48%
I Light Tank BT-7M
46%
V Light Tank BMP-1
45%
VI Light Tank BMP-2
45%
V Heavy Tank IS-4M
45%
III Tank Destroyer ISU-122
45%
VII Medium Tank T-90A
45%
VII Medium Tank T-72B
44%
VII Medium Tank T-72B (1989)
44%
VIII Anti-air Pantsir-S1
43%
V Medium Tank T-44-100
43%
VI Medium Tank T-72A
43%
I Heavy Tank T-35
42%
IV Tank Destroyer 2S3M
40%
VI Light Tank BMP-3
40%
VIII Medium Tank T-80BVM
40%
II Heavy Tank KV-1S
38%
I (Premium) Tank Destroyer SU-57
38%
IV (Premium) Medium Tank T-34-100
38%
III Medium Tank T-34-57
38%
III (Premium) Medium Tank T-34-57 (1943)
38%
VI Heavy Tank T-10M
37%
VI Medium Tank T-55A
37%
III Heavy Tank KV-85
36%
II Anti-air ZSU-37
36%
III Tank Destroyer ASU-57
34%
VII (Premium) Medium Tank T-80UK
34%
VI Anti-air ZSU-23-4
34%
VI Anti-air ZSU-23-4M4
34%
V Anti-air ZSU-57-2
34%
I Anti-air GAZ-AAA (4M)
33%
I Anti-air GAZ-AAA (DShK)
33%
VII Anti-air 2S6
32%
VI (Premium) Light Tank BMD-4
32%
V Light Tank BTR-80A
31%
V (Premium) Light Tank PT-76-57
31%
VI (Premium) Medium Tank T-55AM-1
31%
VI Medium Tank T-55AMD-1
31%
IV Tank Destroyer 2S1
30%
VI (Premium) Heavy Tank Object 279
30%
IV Tank Destroyer SU-100P
30%
VI Medium Tank T-64A (1971)
30%
II Tank Destroyer ZiS-30
30%
IV Tank Destroyer ASU-85
29%
II Anti-air BTR-152A
29%
I Tank Destroyer SU-76M
29%
II (Premium) Tank Destroyer SU-76M (5th Gv.Kav.Corps)
29%
VI Medium Tank T-64B
29%
VII Medium Tank T-72B3
29%
VII (Premium) Light Tank 2S38
28%
III (Premium) Tank Destroyer SU-100Y
28%
III Tank Destroyer SU-85M
28%
VII (Premium) Medium Tank T-72AV (TURMS-T)
28%
VII (Premium) Light Tank BMP-2M
27%
IV (Premium) Heavy Tank KV-220
27%
VI Tank Destroyer IT-1
26%
V (Premium) Heavy Tank T-10A
26%
IV Anti-air BTR-ZD
25%
III (Premium) Heavy Tank KV-1E
25%
II (Premium) Medium Tank T-34E
25%
II Medium Tank T-34E STZ
25%
IV (Premium) Medium Tank T-44-122
25%
IV (Premium) Heavy Tank KV-122
24%
VI Tank Destroyer Object 775
24%
I (Premium) Light Tank RBT-5
24%
VII Anti-air Strela-10M2
24%
V Tank Destroyer Object 268
23%
V Light Tank Object 906
23%
I Light Tank T-26-4
23%
VII (Premium) Medium Tank T-80UD
23%
VI Light Tank 2S25
22%
VII Light Tank 2S25M
22%
II Medium Tank T-28E
22%
II (Premium) Heavy Tank SMK
21%
VII (Premium) Medium Tank T-80U-E1
21%
V (Premium) Tank Destroyer Object 120
20%
VII (Premium) Medium Tank Object 292
20%
VI Medium Tank T-62M-1
20%
II Anti-air ZiS-12 (94-KM)
20%
III (Premium) Medium Tank M4A2
19%
V Anti-air ZSU-37-2
19%
IV Anti-air M53/59
18%
VI Medium Tank Object 435
18%
VI Tank Destroyer Shturm-S
18%
V Tank Destroyer SU-122-54
18%
II (Premium) Light Tank T-126
18%
VII (Premium) Medium Tank T-72M2 Moderna
18%
III Anti-air BTR-152D
17%
VII Tank Destroyer Khrizantema-S
17%
I (Premium) Light Tank T-26E
17%
VII (Premium) Medium Tank T-80UM2
17%
II Tank Destroyer YaG-10 (29-K)
17%
II Anti-air ZiS-43
17%
II (Premium) Anti-air ZUT-37
17%
IV Tank Destroyer ISU-122S
16%
II (Premium) Heavy Tank MK-II "Matilda"
16%
II Tank Destroyer SU-57B
16%
I (Premium) Light Tank BA-11
15%
I (Premium) Tank Destroyer BM-8-24
15%
V (Premium) Medium Tank TO-55
15%
II (Premium) Light Tank BT-7A (F-32)
14%
II Anti-air GAZ-MM (72-K)
14%
II (Premium) Medium Tank M3 Medium
14%
III Light Tank PT-76B
14%
IV (Premium) Tank Destroyer SU-122P
14%
II (Premium) Tank Destroyer BM-13N
13%
IV (Premium) Heavy Tank Object 248
13%
VI Light Tank Object 685
13%
II (Premium) Tank Destroyer SU-85A
13%
III (Premium) Tank Destroyer BM-31-12
12%
II (Premium) Tank Destroyer SU-76D
11%
IV (Premium) Medium Tank T-34-85E
11%
IV (Premium) Light Tank Type 62
11%
II (Premium) Medium Tank MK-IX "Valentine"
10%
III (Premium) Anti-air Phòng không T-34
7%
No matching quizzes found
Score Distribution
Percent of People with Each Score
Percentile by Number Answered
Your Score History
You have not taken this quiz